| 000 | 00915nam0a2200277 4500 | ||
|---|---|---|---|
| 001 | RU\NLR\bibl\439808 | ||
| 005 | 20260405152753.0 | ||
| 010 |
_a5-7761-0983-3 _92000 |
||
| 021 |
_aRU _b2003-41080 _91952 |
||
| 035 | _a(NLR Aleph) 000433574 | ||
| 090 |
_a769657 _c769657 |
||
| 100 | _a20030925d2002 |||y0rusy50 ca | ||
| 101 | 0 | _arus | |
| 102 | _aRU | ||
| 105 | _aa ||||||||| | ||
| 200 | 1 |
_aЧетырехстрочки _e[Стихи, эссе] _fЛада Аюдаг _g[Предисл. В. Мустафина _gИл. авт.] |
|
| 210 |
_aКазань _cМагариф _d2002 |
||
| 215 |
_a131,[5] с. _cил. _d14 |
||
| 686 | _aШ6(2=Р)75я44 | ||
| 700 | 1 |
_4070 _7ca _8rus _aАюдаг _bЛ. В. _f1963- _gЛада Валерьевна _946772 _3RU\NLR\auth\7763843 |
|
| 801 | 0 |
_aRU _bNLR _c20030925 _gPSBO |
|
| 801 | 1 |
_aRU _bNLR _c20030925 |
|
| 942 | _cBOOK | ||
| 980 | _aNB | ||